Flaggen der niederländischen Provinzen - Statistiken

Allgemein
  • Dieses Quiz wurde 17 mal gespielt
  • Das Durchschnittsergebnis liegt bei 7 aus 12
Antwortstatistiken
Bildquiz Antwort % Korrekt
Limburg
79%
Friesland
71%
Flevoland
64%
Gelderland
64%
Overijssel
64%
Zuid-Holland
64%
Groningen
57%
Noord-Brabant
57%
Noord-Holland
57%
Utrecht
57%
Zeeland
57%
Drenthe
43%
Keine übereinstimmenden Quizze gefunden
Verteilung der Resultate
Anzahl Personen mit jedem Resultat
Perzentil nach korrekt beantworteten Fragen
Ihre Resultats-Entwicklung
Sie haben dieses Quiz noch nicht gespielt